Money heist season 5 volume 2 quiz - Statistics

General Stats
  • This quiz has been taken 241 times
  • The average score is 9 of 14
Answer Stats
Hint Answer % Correct
How many episodes are in Part 5 volume 2? 5
96%
How many children does Bogota have? 7
90%
Who did Denver kiss other than Stockholm? Manila
87%
Who narrates Part 5 volume 2? Tokyo
84%
Who ends up joining forces with the professor after chasing him? Alicia Sierra
75%
Who did she leave him for? Rafael
66%
And what is the name of her baby? Victoria
64%
What city name was given to Matias? Pamplona
63%
Who gets arrested and is later released? Denver
57%
What is the name of Berlin's wife that left him? Tatiana
56%
Who was in charge of trying to stop the heist? Tamayo
48%
Who was in charge of making sure they got all of the gold (also Manila's dad) Benjamin
43%
What date did Part 5 volume 2 come out? 3rd December
42%
What was the final episode of money heist called? A family tradition
22%
No matching quizzes found
Score Distribution
Percent of People with Each Score
Percentile by Number Answered
Your Score History
You have not taken this quiz